000
00241nam a2200097Ia 4500
008
190216s9999||||xx |||||||||||||| ||und||
100
_a
Null
245
0
_a
Hindi-Samudr Ke Mithar Dush Anokithem
260
_b
Prabhakar Publications
942
_c
BK
999
_c
18306
_d
18306